[Event "World Senior Team ch."]
[Site "Radebeul, Germany"]
[Date "2018.07.08"]
[Round "2"]
[White "Kahn, P."]
[Black "Stebbings, A."]
[Result "0-1"]
[WhiteElo "2050"]
[BlackElo "2245"]
[PlyCount "84"]
[EventDate "2018.??.??"]

1. e4 c5 2. c3 Nf6 3. e5 Nd5 4. d4 cxd4 5. Nf3 e6 6. cxd4 d6 7. Bc4 Nc6 8. O-O
Be7 9. Nc3 Nxc3 10. bxc3 dxe5 11. dxe5 Qxd1 12. Rxd1 Bd7 13. a4 Rc8 14. Ba3
Bxa3 15. Rxa3 Ke7 16. Bd3 Na5 17. Nd2 Rc5 18. f4 Bc6 19. c4 Rd8 20. Rc1 h6 21.
Kf2 b6 22. g3 Bxa4 23. Ne4 Rc7 24. Nd6 Bc6 25. c5 Bd5 26. Nb5 Rcd7 27. cxb6
axb6 28. Rac3 Nb3 29. Rb1 Nc5 30. Nd6 Ra8 31. Rxb6 Na4 32. Rbc6 Nxc3 33. Rxc3
Ra2+ 34. Kg1 Rg2+ 35. Kf1 Rxh2 36. Rc8 Rxd6 37. exd6+ Kxd6 38. Bb5 g5 39. fxg5
hxg5 40. Be2 Ke5 41. Rg8 f6 42. Rg6 Ke4 0-1

[Event "World Senior Team ch."]
[Site "Radebeul, Germany"]
[Date "2018.07.09"]
[Round "3"]
[White "Gundersen, H."]
[Black "Stebbings, A."]
[Result "0-1"]
[WhiteElo "2089"]
[BlackElo "2245"]
[PlyCount "100"]
[EventDate "2018.??.??"]

1. Nc3 c5 2. e4 Nc6 3. f4 g6 4. Nf3 Bg7 5. Bb5 Nd4 6. O-O a6 7. Be2 e6 8. a4
Ne7 9. e5 d6 10. exd6 Qxd6 11. Ne4 Qxf4 12. Nfg5 Qe5 13. Nxf7 Nxe2+ 14. Qxe2
Qd4+ 15. Kh1 O-O 16. Nfd6 Rxf1+ 17. Qxf1 Nf5 18. c3 Qd5 19. Qc4 Nxd6 20. Qxd5
exd5 21. Nxd6 b6 22. d3 Bg4 23. Bf4 Rf8 24. g3 Rd8 25. a5 Bf8 26. axb6 Bxd6 27.
Bxd6 Rxd6 28. Rxa6 Bf3+ 29. Kg1 d4 30. b7 Rd8 31. Rd6 Rb8 32. cxd4 cxd4 33.
Rxd4 Rxb7 34. b4 Bc6 35. Kf2 Kf7 36. Ke3 Ke6 37. Kf4 Rb5 38. Rc4 Rf5+ 39. Ke3
Re5+ 40. Kf4 Rf5+ 41. Ke3 Kd6 42. Rh4 h5 43. Rd4+ Rd5 44. Rxd5+ Kxd5 45. Kf4
Bb5 46. Ke3 Ke5 47. h3 Kd5 48. d4 Bd7 49. b5 Bxb5 50. Kf4 Kxd4 0-1

[Event "World Senior Team ch."]
[Site "Radebeul, Germany"]
[Date "2018.07.15"]
[Round "9"]
[White "Stebbings, A."]
[Black "Shushpanov, V."]
[Result "1/2-1/2"]
[WhiteElo "2245"]
[BlackElo "2198"]
[PlyCount "90"]
[EventDate "2018.??.??"]

1. e4 c5 2. Nf3 g6 3. d4 Bg7 4. dxc5 Qa5+ 5. c3 Qxc5 6. Na3 d6 7. Nb5 a6 8. Be3
Qc6 9. Na7 Qc7 10. Nxc8 Qxc8 11. Be2 Nc6 12. Nd4 Nf6 13. f3 O-O 14. O-O Ne5 15.
a4 Nc4 16. Bxc4 Qxc4 17. Qd2 Rac8 18. Rfc1 Rfd8 19. b3 Qc7 20. c4 Nd7 21. a5
Ne5 22. Ra2 Qd7 23. Ne2 Nc6 24. Nc3 Qe6 25. Nd5 Kf8 26. b4 Ne5 27. Rac2 Nd7 28.
Nb6 Nxb6 29. Bxb6 Rd7 30. Qd5 Qe5 31. Qxe5 Bxe5 32. Kf2 f5 33. exf5 gxf5 34. g3
Kf7 35. Ke3 h5 36. Bd4 Ke6 37. Bxe5 Kxe5 38. f4+ Kf6 39. Rd1 Rdc7 40. Rd4 h4
41. Kf3 Rc6 42. g4 e5 43. g5+ Ke6 44. fxe5 dxe5 45. Rxh4 f4 1/2-1/2

[Event "Tournament: European Senior ch."]
[Site "Drammen, Norway"]
[Date "2018.08.12"]
[Round "9"]
[White "Stebbings, A."]
[Black "Neumann, J."]
[Result "1-0"]
[WhiteElo "2245"]
[BlackElo "2124"]
[PlyCount "53"]
[EventDate "2018.??.??"]

1. d4 Nf6 2. c4 e6 3. Nc3 Bb4 4. e3 O-O 5. Bd3 d5 6. cxd5 exd5 7. Nge2 c6 8.
Bd2 Re8 9. O-O Nbd7 10. f3 Nf8 11. Qe1 Ne6 12. Qf2 Bf8 13. e4 c5 14. exd5 Nxd5
15. Nxd5 Qxd5 16. Be4 Qd8 17. Be3 cxd4 18. Nxd4 Bc5 19. Nxe6 Bxe3 20. Nxd8
Bxf2+ 21. Kxf2 Rxd8 22. Rfd1 Re8 23. Rac1 f5 24. Bd5+ Kf8 25. Rc7 Rd8 26. Rf7+
Ke8 27. Re1+ 1-0

[Event "Tournament: European Senior ch."]
[Site "Rhodes, Greece"]
[Date "2019.04.06"]
[Round "1"]
[White "Marcovici, A."]
[Black "Stebbings, A."]
[Result "0-1"]
[WhiteElo "1954"]
[BlackElo "2245"]
[PlyCount "124"]
[EventDate "2019.??.??"]

1. e4 c5 2. Nf3 e6 3. d4 cxd4 4. Nxd4 a6 5. c4 Nf6 6. Nc3 Qc7 7. a3 d6 8. Be2
Be7 9. Be3 O-O 10. O-O b6 11. Rc1 Bb7 12. f3 Nbd7 13. g4 h6 14. Qd2 Rfe8 15.
Rc2 Rac8 16. Rfc1 Qb8 17. b4 Ba8 18. Nd1 Bf8 19. Nf2 d5 20. cxd5 Rxc2 21. Qxc2
exd5 22. Nc6 Qb7 23. Bd3 dxe4 24. Bxe4 Nxe4 25. Nxe4 Qxc6 26. Qxc6 Bxc6 27.
Rxc6 Ne5 28. Rxb6 Nxf3+ 29. Kf2 Nxh2 30. Bc5 Nxg4+ 31. Kg3 f5 32. Nd6 Bxd6+ 33.
Rxd6 Nf6 34. Rxa6 Ne4+ 35. Kf4 Nxc5 36. bxc5 Rc8 37. c6 Kf7 38. Ke5 f4 39. Kxf4
Ke6 40. c7+ Kd5 41. Ra5+ Kc6 42. Kf5 Kb6 43. Ra4 Rxc7 44. Kg6 Ra7 45. Re4 Kc5
46. a4 Kd5 47. Rb4 Kc5 48. Re4 Rd7 49. Rf4 Rd4 50. Rf1 Rg4+ 51. Kf7 Kb4 52. Ra1
Ka5 53. Ke6 h5 54. Kf5 g6+ 55. Ke5 h4 56. Kf6 g5 57. Kf5 Rg3 58. Ke4 h3 59. Ra2
Rg2 60. Ra1 h2 61. Rh1 g4 62. Kf4 g3 0-1

[Event "Tournament: European Senior ch."]
[Site "Rhodes, Greece"]
[Date "2019.04.07"]
[Round "2"]
[White "Stebbings, A."]
[Black "Vepkhvishvili, V."]
[Result "1-0"]
[WhiteElo "2245"]
[BlackElo "2098"]
[PlyCount "91"]
[EventDate "2019.??.??"]

1. c4 Nf6 2. Nc3 g6 3. e4 Bg7 4. d4 d6 5. f3 c6 6. Be3 a6 7. c5 dxc5 8. dxc5
Qa5 9. Qa4 Qc7 10. Nge2 O-O 11. Qc2 e5 12. Na4 Be6 13. Nb6 Ra7 14. Nc3 a5 15.
Bc4 Bxc4 16. Nxc4 Na6 17. O-O Nd7 18. Na4 Rd8 19. Rfd1 Bf8 20. Qc3 Raa8 21.
Nab6 Nxb6 22. cxb6 Qe7 23. Qxe5 Qxe5 24. Nxe5 Nb4 25. Rac1 Nxa2 26. Rxd8 Rxd8
27. Ra1 Nb4 28. Rxa5 f6 29. Nc4 Kf7 30. Ra7 Rd7 31. Na5 Nc2 32. Rxb7 Rxb7 33.
Nxb7 Nxe3 34. Nd8+ Ke8 35. b7 Bd6 36. Nxc6 Nc4 37. b3 Na5 38. Nxa5 Kd7 39. Kf2
Kc7 40. g3 h5 41. f4 Bc5+ 42. Kf3 g5 43. h3 Ba3 44. e5 gxf4 45. exf6 fxg3 46.
Kxg3 1-0

[Event "Tournament: European Senior ch."]
[Site "Rhodes, Greece"]
[Date "2019.04.08"]
[Round "3"]
[White "Gruzmann, B."]
[Black "Stebbings, A."]
[Result "1/2-1/2"]
[WhiteElo "2186"]
[BlackElo "2245"]
[PlyCount "46"]
[EventDate "2019.??.??"]

1. e4 c5 2. Nf3 e6 3. d4 cxd4 4. Nxd4 a6 5. Be2 Nf6 6. Nc3 Qc7 7. O-O Nc6 8.
Be3 Bb4 9. Na4 Be7 10. Bd3 Ne5 11. Nf3 Nxf3+ 12. Qxf3 O-O 13. Nb6 Rb8 14. e5
Ne8 15. Rfe1 d6 16. Qh3 g6 17. Nxc8 Rxc8 18. Bd4 dxe5 19. Bxe5 Bd6 20. Qg3 Bxe5
21. Qxe5 Qxe5 22. Rxe5 Nd6 23. b3 Rfd8 1/2-1/2

[Event "Tournament: European Senior ch."]
[Site "Rhodes, Greece"]
[Date "2019.04.09"]
[Round "4"]
[White "Stebbings, A."]
[Black "Kalegin, E."]
[Result "1/2-1/2"]
[WhiteElo "2245"]
[BlackElo "2424"]
[PlyCount "87"]
[EventDate "2019.??.??"]

1. d4 Nf6 2. c4 g6 3. Nc3 Bg7 4. e4 d6 5. f3 c6 6. Be3 a6 7. c5 O-O 8. Nge2 b5
9. cxd6 exd6 10. Nf4 Re8 11. Be2 d5 12. e5 Nfd7 13. O-O f6 14. exf6 Qxf6 15.
Qd2 Nb6 16. Kh1 Ra7 17. Rae1 Rae7 18. Bd3 N8d7 19. b3 Nf8 20. g3 Qf7 21. Nd1
Ne6 22. Nxe6 Bxe6 23. Kg2 Nc8 24. Nf2 Nd6 25. g4 Bc8 26. Nh3 Qf8 27. Bc2 a5 28.
Bf4 Rxe1 29. Rxe1 Rxe1 30. Qxe1 Nf7 31. Qe3 Bd7 32. Qd2 Qa3 33. Bd1 Bf8 34. Ng1
Bb4 35. Qc2 Bf8 36. Ne2 Qe7 37. Qd2 Qd8 38. Bc2 Bb4 39. Qe3 Qf6 40. Bg3 Qe6 41.
Qxe6 Bxe6 42. Kf2 Kf8 43. Ke3 Ke7 44. Nf4 1/2-1/2

[Event "Tournament: European Senior ch."]
[Site "Rhodes, Greece"]
[Date "2019.04.10"]
[Round "5"]
[White "Kolbak, J."]
[Black "Stebbings, A."]
[Result "1/2-1/2"]
[WhiteElo "2145"]
[BlackElo "2245"]
[PlyCount "41"]
[EventDate "2019.??.??"]

1. d4 Nf6 2. Nf3 e6 3. e3 b6 4. Bd3 Bb7 5. O-O Be7 6. Nbd2 c5 7. b3 Nc6 8. Bb2
O-O 9. c4 cxd4 10. Nxd4 Nxd4 11. Bxd4 d5 12. Rc1 Rc8 13. Qe2 Qd6 14. f4 Rfd8
15. Rfd1 Qb8 16. Be5 Qa8 17. f5 dxc4 18. Nxc4 exf5 19. Bxf5 Rxd1+ 20. Rxd1 Rd8
21. Rd4 1/2-1/2

[Event "Tournament: European Senior ch."]
[Site "Rhodes, Greece"]
[Date "2019.04.11"]
[Round "6"]
[White "Stebbings, A."]
[Black "Chevelevitch, E."]
[Result "1/2-1/2"]
[WhiteElo "2245"]
[BlackElo "2416"]
[PlyCount "59"]
[EventDate "2019.??.??"]

1. e4 e5 2. Nf3 Nc6 3. Bb5 a6 4. Ba4 Nf6 5. O-O Be7 6. Qe2 b5 7. Bb3 d6 8. c3
O-O 9. Rd1 Na5 10. Bc2 c5 11. d4 Qc7 12. d5 Bd7 13. b3 Ne8 14. Nbd2 g6 15. Nf1
Ng7 16. Bh6 f6 17. h3 Rfb8 18. g4 Nb7 19. Ng3 Nd8 20. Nd2 Nf7 21. Be3 Rf8 22.
Kh2 Kh8 23. Rg1 Qc8 24. c4 Bd8 25. Bd3 Ba5 26. Rac1 Qb7 27. Qf3 Ng5 28. Qe2 Nf7
29. Qf3 Ng5 30. Qe2 1/2-1/2

[Event "Tournament: European Senior ch."]
[Site "Rhodes, Greece"]
[Date "2019.04.12"]
[Round "7"]
[White "Giulian, P."]
[Black "Stebbings, A."]
[Result "0-1"]
[WhiteElo "2133"]
[BlackElo "2245"]
[PlyCount "54"]
[EventDate "2019.??.??"]

1. c4 c5 2. Nf3 Nf6 3. b3 Nc6 4. Bb2 d5 5. cxd5 Nxd5 6. Nc3 e5 7. e3 Nxc3 8.
Bxc3 Bd6 9. Bb5 Qe7 10. O-O O-O 11. d4 cxd4 12. exd4 e4 13. Bxc6 bxc6 14. Ne5
c5 15. Nc4 Ba6 16. Re1 Bxc4 17. bxc4 f5 18. d5 Qh4 19. g3 Qh3 20. Re3 Rab8 21.
Rb1 Qg4 22. Qe1 h5 23. Rxb8 Rxb8 24. Ba1 h4 25. Rb3 Rxb3 26. axb3 h3 27. Kf1
Qf3 0-1

[Event "Tournament: European Senior ch."]
[Site "Rhodes, Greece"]
[Date "2019.04.13"]
[Round "8"]
[White "Stebbings, A."]
[Black "Kristiansen, Jen"]
[Result "0-1"]
[WhiteElo "2245"]
[BlackElo "2376"]
[PlyCount "62"]
[EventDate "2019.??.??"]

1. d4 g6 2. e4 Bg7 3. c4 d6 4. Nc3 Nd7 5. Be3 e5 6. Nge2 Nh6 7. f3 f5 8. Qd2 f4
9. Bf2 O-O 10. O-O-O Nf7 11. g4 Ng5 12. Bg2 exd4 13. Nxd4 Ne5 14. h4 Ne6 15. b3
Nxd4 16. Bxd4 Be6 17. Ne2 Qf6 18. g5 Qf7 19. c5 a5 20. Qc3 a4 21. Kb2 b6 22.
cxd6 cxd6 23. Rc1 axb3 24. axb3 Bxb3 25. Qxb3 Nd3+ 26. Kc2 Ra2+ 27. Qxa2 Nb4+
28. Kd1 Qxa2 29. Bxb6 Qb3+ 30. Kd2 Qb2+ 31. Kd1 Nd3 0-1

[Event "Tournament: European Senior ch."]
[Site "Rhodes, Greece"]
[Date "2019.04.14"]
[Round "9"]
[White "Kiefer, G."]
[Black "Stebbings, A."]
[Result "0-1"]
[WhiteElo "2279"]
[BlackElo "2245"]
[PlyCount "102"]
[EventDate "2019.??.??"]

1. e4 c5 2. Nf3 e6 3. d4 cxd4 4. Nxd4 a6 5. Bd3 Bc5 6. Nb3 Be7 7. O-O d6 8. Qg4
g6 9. Qe2 Nd7 10. f4 Qc7 11. Nc3 Ngf6 12. Bd2 b5 13. Rae1 Bb7 14. Kh1 O-O 15.
Nd4 b4 16. Nd1 d5 17. e5 Ne4 18. Be3 Bc5 19. Qg4 Qb6 20. Nf3 a5 21. Qh4 Rfc8
22. Bxc5 Qxc5 23. Ne3 Qf8 24. Bxe4 dxe4 25. Ng5 h6 26. Ng4 h5 27. Rd1 Nb6 28.
Nf6+ Kg7 29. Rd6 Rc6 30. Nfxe4 Rac8 31. Rfd1 Nd5 32. Nxe6+ fxe6 33. Rd7+ Kh8
34. Rxb7 Rxc2 35. Nd6 R8c7 36. Rxc7 Nxc7 37. h3 Nd5 38. Qg3 Kh7 39. Ne4 Qxf4
40. Nf6+ Kh6 41. Qxf4+ Nxf4 42. Rd7 Nxg2 43. Ra7 Rxb2 44. Rxa5 Nf4 45. h4 g5
46. hxg5+ Kxg5 47. a3 b3 48. Rb5 Kf5 49. a4 Nd3 50. a5 Rb1+ 51. Kh2 b2 0-1

[Event "World Senior Team ch."]
[Site "Rhodes, Greece"]
[Date "2019.04.17"]
[Round "2"]
[White "Stebbings, A."]
[Black "Beltz, R."]
[Result "1/2-1/2"]
[WhiteElo "2245"]
[BlackElo "2158"]
[PlyCount "85"]
[EventDate "2019.??.??"]

1. d4 d5 2. c4 c6 3. Nf3 Nf6 4. Nc3 g6 5. cxd5 Nxd5 6. e4 Nxc3 7. bxc3 Bg4 8.
Bc4 e6 9. h3 Qa5 10. Bd2 Bxf3 11. Qxf3 Bg7 12. O-O O-O 13. Rad1 Nd7 14. Qg3
Rac8 15. Bb3 Qa6 16. Be3 c5 17. Rd2 Qa5 18. Bf4 c4 19. Bd1 e5 20. dxe5 Nc5 21.
Bc2 Ne6 22. Rd5 Qxa2 23. Bb1 Qb3 24. Rc1 Rc6 25. Be3 Qa3 26. f4 Nc5 27. Qe1
Rfc8 28. Qd1 Bf8 29. h4 Ne6 30. h5 Bc5 31. Bxc5 Rxc5 32. hxg6 hxg6 33. g3 b5
34. Kg2 a5 35. Qd2 b4 36. f5 Nf8 37. Qh6 Qb2+ 38. Kf3 gxf5 39. Rxc5 Rxc5 40.
Qg5+ Ng6 41. Qd8+ Nf8 42. Qg5+ Ng6 43. Qd8+ 1/2-1/2

[Event "World Senior Team ch."]
[Site "Rhodes, Greece"]
[Date "2019.04.23"]
[Round "8"]
[White "Halldorsson, Br"]
[Black "Stebbings, A."]
[Result "0-1"]
[WhiteElo "2112"]
[BlackElo "2245"]
[PlyCount "98"]
[EventDate "2019.??.??"]

1. d4 Nf6 2. c4 e6 3. Nc3 Bb4 4. f3 O-O 5. a3 Bxc3+ 6. bxc3 Ne8 7. e3 b6 8. Bd3
Ba6 9. a4 Nc6 10. Ba3 d6 11. Nh3 Na5 12. Qe2 c5 13. d5 Bxc4 14. dxe6 fxe6 15.
e4 Qf6 16. Bb2 d5 17. O-O Nd6 18. Nf2 Bxd3 19. Qxd3 Ndc4 20. Ra2 Rad8 21. Bc1
Qg6 22. Re2 Ne5 23. Qa6 Nxf3+ 24. Kh1 Ng5 25. Bxg5 Qxg5 26. Qxa7 Nc4 27. exd5
exd5 28. Rfe1 Rf7 29. Re8+ Rxe8 30. Rxe8+ Rf8 31. Rxf8+ Kxf8 32. Nh3 Qe5 33. a5
bxa5 34. Qxc5+ Kf7 35. Ng1 h6 36. h3 Kg8 37. Nf3 Qe4 38. Kh2 a4 39. h4 a3 40.
Qa7 Kh7 41. Kg3 Qb1 42. Qf7 Qg6+ 43. Qxg6+ Kxg6 44. Nd4 Ne3 45. Kf4 Nxg2+ 46.
Ke5 Ne3 47. Nb3 a2 48. Na1 Kh5 49. Kd4 Nd1 0-1

[Event "World Senior Team ch."]
[Site "Rhodes, Greece"]
[Date "2019.04.24"]
[Round "9"]
[White "Stebbings, A."]
[Black "Shushpanov, V."]
[Result "1-0"]
[WhiteElo "2245"]
[BlackElo "2180"]
[PlyCount "123"]
[EventDate "2019.??.??"]

1. d4 Nc6 2. e4 d5 3. Nc3 e5 4. Bb5 dxe4 5. dxe5 Qxd1+ 6. Kxd1 Bg4+ 7. Nge2
O-O-O+ 8. Ke1 Nxe5 9. Nxe4 Be7 10. Bf4 Rd5 11. N2c3 Bb4 12. a3 Bxc3+ 13. Nxc3
Rd6 14. Bxe5 Re6 15. f4 f6 16. Bc4 Re8 17. Bf7 Rd8 18. Bxc7 Kxc7 19. Nd5+ Kd6
20. Ne3 Nh6 21. Bc4 Rhe8 22. Kf2 Kc5 23. Bd3 g6 24. Rhe1 Bd7 25. Rad1 Bc6 26.
Be2 g5 27. fxg5 fxg5 28. Bf3 Nf7 29. Bxc6 Kxc6 30. Rxd8 Rxd8 31. Nc4 Rd5 32.
Re7 b5 33. Na5+ Kb6 34. Rxf7 Kxa5 35. Rxa7+ Kb6 36. Re7 Kc5 37. Ke2 h5 38. Re4
Kd6 39. a4 bxa4 40. Rxa4 Re5+ 41. Kd3 Rf5 42. Re4 Rf2 43. Re2 Rf4 44. c4 Rg4
45. b4 h4 46. Rc2 Kc6 47. Rb2 Kb6 48. b5 Rf4 49. c5+ Kxc5 50. b6 Rf8 51. b7 Rb8
52. Ke4 Kc6 53. Kf5 h3 54. g4 Kc7 55. Kxg5 Rg8+ 56. Kf6 Kb8 57. g5 Rf8+ 58. Kg7
Rf5 59. g6 Rg5 60. Rb3 Rg2 61. Rxh3 Kxb7 62. Kh7 1-0

[Event "County match"]
[Site "?"]
[Date "2019.09.28"]
[Round "?"]
[White "McMichael, R."]
[Black "Stebbings, A."]
[Result "1-0"]
[WhiteElo "2185"]
[BlackElo "2298"]
[PlyCount "91"]
[EventDate "2019.??.??"]

1. b3 c5 2. Bb2 Nc6 3. f4 Nf6 4. Nf3 g6 5. e3 Bg7 6. Bb5 O-O 7. Bxc6 dxc6 8.
O-O Bg4 9. Qe1 Bxf3 10. Rxf3 Nd5 11. Bxg7 Kxg7 12. d3 Qd6 13. Nd2 b6 14. Nc4
Qf6 15. Ne5 Rad8 16. Qg3 Nb4 17. Rf2 Qd6 18. Raf1 f6 19. Nc4 Qd7 20. a3 Nd5 21.
e4 Nc7 22. f5 e6 23. h4 exf5 24. exf5 Nd5 25. Rf3 Qc7 26. Qf2 Rde8 27. Nd2 Qe5
28. Ne4 Qd4 29. c4 Nc3 30. Nxc3 Qxc3 31. Qg3 Qe5 32. Qh3 Re7 33. Kh1 Kh8 34.
Qg4 Rg8 35. fxg6 Rxg6 36. Qc8+ Kg7 37. Qxc6 Qh5 38. Qd6 Re2 39. Qd7+ Kg8 40. g3
Qe5 41. Qh3 Kg7 42. h5 Rg5 43. h6+ Kg6 44. Rxf6+ Qxf6 45. Rxf6+ Kxf6 46. Qf1+
1-0

[Event "London League"]
[Site "?"]
[Date "2019.10.02"]
[Round "?"]
[White "Stebbings, A."]
[Black "Elwin, A."]
[Result "0-1"]
[WhiteElo "2298"]
[BlackElo "1990"]
[PlyCount "71"]
[EventDate "2019.??.??"]

1. d4 Nf6 2. c4 g6 3. Nc3 Bg7 4. e4 d6 5. f3 O-O 6. Be3 c6 7. Nge2 Nbd7 8. Qd2
a6 9. c5 b5 10. cxd6 exd6 11. Nf4 Bb7 12. Be2 Rc8 13. O-O Re8 14. Rfd1 Qe7 15.
Bf2 Nf8 16. Rac1 h6 17. Bf1 g5 18. Nfe2 Ng6 19. Ng3 Nh4 20. Bd3 Nd7 21. b3 c5
22. dxc5 Ne5 23. Be2 dxc5 24. Qd6 c4 25. Qxe7 Rxe7 26. bxc4 bxc4 27. Na4 c3 28.
Nc5 Bc6 29. Rxc3 Bb5 30. Rcc1 Rec7 31. Be3 Nhg6 32. Nxa6 Rxc1 33. Rxc1 Bxa6 34.
Bxa6 Ra8 35. Rc8+ Rxc8 36. Bxc8 {...} 0-1

[Event "County match"]
[Site "?"]
[Date "2019.11.23"]
[Round "?"]
[White "Stebbings, A."]
[Black "Keane, G."]
[Result "1/2-1/2"]
[WhiteElo "2298"]
[BlackElo "2163"]
[PlyCount "34"]
[EventDate "2019.??.??"]

1. e4 d6 2. d4 Nf6 3. Nc3 g6 4. g3 Bg7 5. Bg2 O-O 6. Nge2 e5 7. h3 c6 8. a4 a5
9. O-O Na6 10. Be3 Qe7 11. g4 Bxg4 12. hxg4 Nxg4 13. Qd2 Qh4 14. Rfd1 Bh6 15.
Bxh6 Qxf2+ 16. Kh1 Qh4+ 17. Kg1 Qf2+ 1/2-1/2

[Event "County match"]
[Site "?"]
[Date "2020.02.01"]
[Round "?"]
[White "Stebbings, A."]
[Black "Myall, I."]
[Result "1-0"]
[WhiteElo "2268"]
[BlackElo "2050"]
[PlyCount "117"]
[EventDate "2020.??.??"]

1. c4 Nf6 2. Nc3 e6 3. Nf3 d5 4. e3 c6 5. d4 Bd6 6. Qc2 Nbd7 7. Bd3 dxc4 8.
Bxc4 e5 9. O-O exd4 10. exd4 O-O 11. Bg5 Qc7 12. Bb3 Ng4 13. Kh1 Bf4 14. Bxf4
Qxf4 15. Rad1 Ndf6 16. h3 Nh6 17. Qd2 Qxd2 18. Rxd2 Nf5 19. d5 cxd5 20. Nxd5
Nxd5 21. Bxd5 Ne7 22. Be4 Rb8 23. Rc1 Re8 24. Rc7 Ng6 25. Bd5 Ne7 26. Re2 Be6
27. Bxe6 fxe6 28. Rxe6 Nc6 29. Rxe8+ Rxe8 30. Rxb7 h6 31. g3 Kh7 32. Kg2 a5 33.
Nh4 Re5 34. g4 Ne7 35. f4 Re4 36. Kf3 Re6 37. f5 Re1 38. f6 Rf1+ 39. Kg2 Rxf6
40. Rxe7 Rb6 41. b3 a4 42. bxa4 Rb2+ 43. Kg3 Rxa2 44. Ra7 Ra3+ 45. Nf3 Kg6 46.
Kf4 Kf6 47. h4 Ra1 48. g5+ hxg5+ 49. hxg5+ Kg6 50. Ne5+ Kh7 51. Kf5 Rf1+ 52.
Ke6 Re1 53. a5 Ra1 54. a6 Ra4 55. Ra8 g6 56. Kd6 Ra1 57. a7 Kg7 58. Nc6 Rd1+
59. Kc7 1-0

[Event "County match"]
[Site "?"]
[Date "2020.02.15"]
[Round "?"]
[White "Stebbings, A."]
[Black "Broom, M."]
[Result "1/2-1/2"]
[WhiteElo "2268"]
[BlackElo "2148"]
[PlyCount "62"]
[EventDate "2020.??.??"]

1. c4 c6 2. Nf3 d5 3. e3 Nf6 4. Nc3 Bf5 5. cxd5 cxd5 6. Qb3 Bc8 7. d4 e6 8. Ne5
Be7 9. Bb5+ Nbd7 10. f4 O-O 11. O-O Qb6 12. Qc2 Nb8 13. Bd3 Nc6 14. a3 a5 15.
Bd2 Rd8 16. Rfc1 Bd7 17. Na4 Qa7 18. Nc5 Be8 19. Qd1 Rac8 20. b4 b6 21. Na6 Ne4
22. Nxc6 Bxc6 23. bxa5 Nxd2 24. axb6 Qxb6 25. Qxd2 Bb5 26. Nb4 Rxc1+ 27. Rxc1
Ra8 28. Bxb5 Qxb5 29. Qc3 g6 30. Kf2 Kg7 31. Rc2 Qa4 1/2-1/2

[Event "World Senior Team ch."]
[Site "Prague, Czechia"]
[Date "2020.03.08"]
[Round "3"]
[White "Stebbings, A."]
[Black "Jones, I."]
[Result "1-0"]
[WhiteElo "2268"]
[BlackElo "2146"]
[PlyCount "61"]
[EventDate "2020.??.??"]

1. d4 Nf6 2. c4 e6 3. Nc3 Bb4 4. e3 O-O 5. Bd3 d5 6. cxd5 exd5 7. Nge2 c6 8.
O-O Bd6 9. Bd2 Re8 10. f3 Qc7 11. Kh1 Nh5 12. g4 Nf6 13. Qe1 Qe7 14. Qh4 g6 15.
Rae1 Be6 16. Nf4 Nfd7 17. Qf2 Nb6 18. e4 Qc7 19. e5 Be7 20. Nxe6 fxe6 21. f4
Qd8 22. Qf3 Rf8 23. Qh3 Nc4 24. Bc1 Rf7 25. f5 exf5 26. gxf5 gxf5 27. Rxf5 Rg7
28. Rh5 Na6 29. Rxh7 Rxh7 30. Qxh7+ Kf8 31. e6 1-0

[Event "World Senior Team ch."]
[Site "Prague, Czechia"]
[Date "2020.03.09"]
[Round "4"]
[White "Sejkora, V."]
[Black "Stebbings, A."]
[Result "1-0"]
[WhiteElo "2149"]
[BlackElo "2268"]
[PlyCount "103"]
[EventDate "2020.??.??"]

1. e4 c5 2. Nf3 e6 3. d3 Nc6 4. g3 d5 5. Nbd2 Bd6 6. Bg2 Nge7 7. O-O O-O 8. c3
b6 9. Re1 dxe4 10. Nxe4 Bb7 11. a3 a5 12. Nxd6 Qxd6 13. Qb3 Nd5 14. c4 a4 15.
Qc2 Nde7 16. Bf4 Qd7 17. b3 Rfd8 18. Rad1 Nf5 19. Be3 axb3 20. Qxb3 Ra6 21. Qb5
h6 22. Rb1 Na7 23. Qxd7 Rxd7 24. Ne5 Rc7 25. Bxb7 Rxb7 26. Bxc5 f6 27. Ng6 Rd7
28. Rxb6 Rxb6 29. Bxb6 Nc8 30. Bc5 e5 31. Rb1 Kf7 32. Nh4 Nxh4 33. gxh4 Rxd3
34. Rb8 Nd6 35. Rd8 Ke7 36. Rxd6 Rxd6 37. h5 Kd7 38. Bxd6 Kxd6 39. a4 Kc5 40.
a5 f5 41. Kg2 Kc6 42. Kf3 Kc5 43. Ke3 Kc6 44. Kd3 Kc5 45. Kc3 Kc6 46. Kb4 e4
47. Kc3 Kc5 48. Kd2 f4 49. Kc3 Kc6 50. Kd4 e3 51. fxe3 f3 52. Kd3 1-0

[Event "World Senior Team ch."]
[Site "Prague, Czechia"]
[Date "2020.03.11"]
[Round "6"]
[White "Watzka, H."]
[Black "Stebbings, A."]
[Result "1/2-1/2"]
[WhiteElo "2166"]
[BlackElo "2268"]
[PlyCount "52"]
[EventDate "2020.??.??"]

1. e4 c5 2. Nf3 e6 3. d4 cxd4 4. Nxd4 Nc6 5. Nc3 Qc7 6. Be3 a6 7. Bd3 Nf6 8.
O-O Ne5 9. h3 Bc5 10. Qe2 d6 11. Nb3 Bxe3 12. Qxe3 O-O 13. f4 Ng6 14. Rae1 b5
15. a3 Bb7 16. g4 e5 17. fxe5 dxe5 18. Ne2 Nd7 19. Rf2 Rac8 20. Qg3 Rfe8 21.
Ref1 Re7 22. h4 Nf4 23. Nxf4 exf4 24. Qxf4 Qxf4 25. Rxf4 Rce8 26. Re1 h6
1/2-1/2

[Event "World Senior Team ch."]
[Site "Prague, Czechia"]
[Date "2020.03.12"]
[Round "7"]
[White "Stebbings, A."]
[Black "Nordstrom, F."]
[Result "1-0"]
[WhiteElo "2268"]
[BlackElo "2091"]
[PlyCount "78"]
[EventDate "2020.??.??"]

1. e4 c5 2. Nf3 e6 3. d4 cxd4 4. Nxd4 a6 5. Nc3 Qc7 6. Bd3 Nc6 7. Nxc6 dxc6 8.
O-O e5 9. f4 Nf6 10. Kh1 Be7 11. f5 b5 12. a4 Bb7 13. Qf3 O-O-O 14. axb5 axb5
15. Be3 Nd7 16. Qf2 h6 17. Nb1 Bg5 18. Ba7 c5 19. Bxb5 Bxe4 20. Nc3 Bb7 21. Bd3
Be7 22. Bc4 Rhf8 23. Nd5 Bxd5 24. Bxd5 Nb6 25. Bxb6 Qxb6 26. c4 Bd6 27. Qf3 Bb8
28. Qe4 Rd7 29. Qg4 Qf6 30. Ra5 Rc7 31. Rfa1 Kd7 32. h3 Ke7 33. Qe4 Rd8 34. Ra8
Kf8 35. R1a5 Rcc8 36. Rb5 Qd6 37. Ra3 Kg8 38. Rg3 Re8 39. Rg6 Qd8 1-0

[Event "County match"]
[Site "?"]
[Date "2021.11.06"]
[Round "?"]
[White "Stebbings, A."]
[Black "Walkusz, M."]
[Result "1-0"]
[WhiteElo "2260"]
[BlackElo "2060"]
[PlyCount "61"]
[EventDate "2021.??.??"]

1. d4 d5 2. c4 c6 3. Nc3 e6 4. e3 Nf6 5. Nf3 Nbd7 6. Qc2 Bd6 7. Bd3 O-O 8. O-O
b6 9. e4 dxc4 10. Bxc4 e5 11. h3 Bb7 12. Be3 a6 13. Rad1 Qc7 14. dxe5 Nxe5 15.
Nxe5 Bxe5 16. f4 Bxc3 17. bxc3 Rfd8 18. Bd4 Ne8 19. e5 c5 20. Bf2 Rxd1 21. Rxd1
Rd8 22. Re1 b5 23. Bd3 h6 24. c4 b4 25. f5 Qe7 26. Re3 Kh8 27. Qe2 Nc7 28. f6
gxf6 29. Qh5 Kg7 30. Bh4 Ne8 31. Rg3+ 1-0

[Event "County match"]
[Site "?"]
[Date "2021.12.04"]
[Round "?"]
[White "Stebbings, A."]
[Black "Rosen, D."]
[Result "1/2-1/2"]
[WhiteElo "2265"]
[BlackElo "2020"]
[PlyCount "59"]
[EventDate "2021.??.??"]

1. d4 f5 2. Bg5 h6 3. Bh4 g5 4. Bg3 Nf6 5. e3 e6 6. h4 Rg8 7. hxg5 hxg5 8. Nc3
Bb4 9. Bd3 b6 10. Qd2 Bb7 11. f3 Nc6 12. Nge2 d6 13. O-O-O Qd7 14. e4 O-O-O 15.
a3 Bxc3 16. Qxc3 fxe4 17. fxe4 Ne7 18. d5 e5 19. Qd2 Kb8 20. Rdf1 Rdf8 21. Rf3
Ng6 22. Qxg5 Nf4 23. Bxf4 Rxg5 24. Bxg5 Qg7 25. Bh6 Qh8 26. Rhh3 Rf7 27. Be3
Qg8 28. Rf1 Nh7 29. Rxf7 Qxf7 30. Kd2 1/2-1/2

[Event "County match"]
[Site "?"]
[Date "2022.01.22"]
[Round "?"]
[White "Broom, M."]
[Black "Stebbings, A."]
[Result "1-0"]
[WhiteElo "2137"]
[BlackElo "2259"]
[PlyCount "81"]
[EventDate "2022.??.??"]

1. c4 c5 2. g3 g6 3. Bg2 Bg7 4. Nc3 Nc6 5. e4 e6 6. Nge2 Nge7 7. O-O O-O 8. d3
d6 9. Rb1 b6 10. Bg5 h6 11. Be3 Nd4 12. Qd2 Kh7 13. b4 Bb7 14. f4 Qd7 15. Bf2
Nxe2+ 16. Nxe2 f5 17. d4 cxb4 18. exf5 Nxf5 19. d5 exd5 20. cxd5 Rac8 21. Rxb4
Rc7 22. Re4 Rfc8 23. g4 Ne7 24. Re6 Qb5 25. a4 Qxa4 26. Bh4 Ng8 27. Be4 Ba6 28.
Bxg6+ Kh8 29. Bb1 Qa3 30. f5 Bxe2 31. Rxe2 Rc1 32. Ree1 Rxe1 33. Rxe1 Qb2 34.
Qxb2 Bxb2 35. Bg3 Bd4+ 36. Kg2 Nf6 37. Re6 Rc1 38. Bd3 Nxg4 39. Bxd6 Ne3+ 40.
Kf3 Nxd5 41. Ke4 1-0